000 00733nam a2200289Ia 4500
005 20260324124946.0
008 008 260324s9999 xx 000 0 eng d
020 _a9781315241760
037 _aEBOOK
040 _aCRL
040 _beng
040 _cCRL
041 _2eng
041 _aeng
084 _qCRL
100 _aOrsolya Lelkes; Holly Sutherland
_91176157
245 0 _aTax and Benefit Policies in the Enlarged Europe
245 0 _bAssessing the Impact with Microsimulation Models
260 _bTaylor and Francis
260 _c2009
365 _a
365 _b205
856 _uhttp://www.taylorfrancis.com/books/9781315241760
942 _cEBOOK
999 _c1770988
_d1770988